| 000 | 00524nam a2200181Ia 4500 | ||
|---|---|---|---|
| 999 |
_c1775 _d1775 |
||
| 003 | OSt | ||
| 005 | 20200922113045.0 | ||
| 008 | 190216s9999||||xx |||||||||||||| ||und|| | ||
| 020 | _a9788121928267 | ||
| 040 | _coclc | ||
| 082 |
_a589.2 _bVAS/B |
||
| 100 |
_aVashishta, B R _94772 |
||
| 245 | 0 |
_aBotany For Degree Students: Fungi / _cB R Vashishta ; A K Sinha |
|
| 260 |
_bS Chand & Company, _aNew Delhi: _c2007. |
||
| 300 | _a752p | ||
| 650 | _aBotany | ||
| 942 |
_cBK _2ddc _h589.2 _iVAS/B _k589.2 _mVAS/B |
||